| 000 | 00857nam a2200253 a 4500 | ||
|---|---|---|---|
| 008 | |||
| 020 | _a9280722662 (pbk.) | ||
| 049 | _aMAIN | ||
| 090 |
_aHC79.E5 _bCAP |
||
| 245 | 0 | 0 |
_aCapacity building for sustainable development : _ban overview of UNEP environmental capacity development initiatives. |
| 246 | 3 | 0 | _aOverview of UNEP environmental capacity development initiatives. |
| 260 |
_a[Nairobi, Kenya] : _bUNEP, _cc2002. |
||
| 300 |
_a164 p. : _bill. ; _c30 cm. |
||
| 650 | 0 | _aSustainable development. | |
| 650 | 0 | _aEnvironmentalism. | |
| 650 | 0 | _aEnvironmental protection. | |
| 650 | 0 | _aEconomic development. | |
| 710 | 2 | _aUnited Nations Environment Programme. | |
| 907 |
_a.b10133793 _b06-11-14 _c23-08-04 |
||
| 003 | |||
| 005 | 20230123133812.0 | ||
| 040 | _cNUST | ||
| 942 |
_cBOOKS _kHC79.E5 _mCAP |
||
| 999 |
_c154889 _d154889 |
||